[Event "Oberliga Nord O 0506"]
[Site "Germany"]
[Date "2005.11.13"]
[Round "2.2"]
[White "Wendt, Jan Dietrich"]
[Black "Abraham, Ingo"]
[Result "1-0"]
[WhiteElo "2331"]
[BlackElo "2214"]
[PlyCount "61"]
[EventDate "2005.10.23"]
[EventType "team-tourn"]
[EventRounds "9"]
[EventCountry "GER"]
[SourceTitle "EXT 2007"]
[Source "ChessBase"]
[SourceDate "2006.11.23"]
[SourceVersion "1"]
[SourceVersionDate "2006.11.23"]
[SourceQuality "1"]
[WhiteTeam "Berlin II"]
[BlackTeam "Weisse Dame"]
[WhiteTeamCountry "GER"]
[BlackTeamCountry "GER"]

1. Nf3 Nf6 2. d4 b6 3. Bg5 Bb7 4. Nbd2 c5 5. Bxf6 gxf6 6. e4 cxd4 7. Nxd4 e6 8. g3 Bg7 9. Bg2 0-0 10. N4f3 f5 11. exf5 Bxb2 12. Rb1 Bg7 13. 0-0 Na6 14. Re1 Nc5 15. Rb4 Rc8 16. Nh4 Bxg2 17. Nxg2 d5 18. Rh4 Qf6 19. Ne3 d4 20. Qh5 h6 21. Ng4 Qg5 22. f6 Qxd2 23. Re5 Nd7 24. fxg7 Kxg7 25. Re3 Qd1+ 26. Kg2 Rh8 27. Rf3 f5 28. Nxh6 Ne5 29. Qg5+ Ng6 30. Rh5 Rxc2 31. Rxf5 1-0

[Event "Oberliga Nord O 0405"]
[Site "Germany"]
[Date "2005.02.13"]
[Round "7.3"]
[White "Abraham, Ingo"]
[Black "Wuttke, Hans"]
[Result "1-0"]
[WhiteElo "2173"]
[BlackElo "2158"]
[PlyCount "77"]
[EventDate "2004.10.24"]
[EventType "team-tourn"]
[EventRounds "9"]
[EventCountry "GER"]
[SourceTitle "EXT 2006"]
[Source "ChessBase"]
[SourceDate "2005.11.24"]
[SourceVersion "1"]
[SourceVersionDate "2005.11.24"]
[SourceQuality "1"]
[WhiteTeam "Weisse Dame"]
[BlackTeam "Potsdam Empor"]
[WhiteTeamCountry "GER"]
[BlackTeamCountry "GER"]

1. d4 e6 2. e4 c5 3. c3 Nf6 4. Bd3 Nc6 5. e5 Nd5 6. Nf3 cxd4 7. cxd4 Bb4+ 8. Nbd2 Qb6 9. 0-0 Nxd4 10. Nc4 Nxf3+ 11. Qxf3 Qd8 12. Qg3 Kf8 13. Be4 Ne7 14. a3 Ba5 15. Rd1 Bc7 16. Nd6 Bxd6 17. Rxd6 Rb8 18. Bg5 Qe8 19. Rad1 Kg8 20. h4 Kf8 21. h5 Ng8 22. Qc3 h6 23. Bh4 Ne7 24. Bxe7+ Qxe7 25. Qc7 Ra8 26. Bxb7 Bxb7 27. Rxd7 Qe8 28. Qxb7 Kg8 29. Re7 Qb8 30. Rxf7 Qxb7 31. Rxb7 Kh7 32. Rdd7 Rhg8 33. Rxa7 Rac8 34. Rac7 Rb8 35. b4 Rb5 36. f4 Rb6 37. Rd6 Rbb8 38. Rxe6 Ra8 39. Rc3 1-0

[Event "Oberliga Nord O 0405"]
[Site "Germany"]
[Date "2004.11.28"]
[Round "3.3"]
[White "Abraham, Ingo"]
[Black "Lukaszewski, Marcin"]
[Result "1-0"]
[WhiteElo "2173"]
[BlackElo "2244"]
[PlyCount "59"]
[EventDate "2004.10.24"]
[EventType "team-tourn"]
[EventRounds "9"]
[EventCountry "GER"]
[SourceTitle "EXT 2006"]
[Source "ChessBase"]
[SourceDate "2005.11.24"]
[SourceVersion "1"]
[SourceVersionDate "2005.11.24"]
[SourceQuality "1"]
[WhiteTeam "Weisse Dame"]
[BlackTeam "Lasker Steglitz"]
[WhiteTeamCountry "GER"]
[BlackTeamCountry "GER"]

1. d4 Nf6 2. c4 e6 3. Nc3 Bb4 4. e3 b6 5. Nge2 Ba6 6. a3 Bxc3+ 7. Nxc3 d5 8. b3 0-0 9. Be2 Nc6 10. 0-0 Na5 11. Rb1 Qd7 12. a4 c6 13. Ba3 Rfd8 14. Qd2 Qc8 15. Be7 Rd7 16. Bxf6 gxf6 17. cxd5 cxd5 18. Bxa6 Qxa6 19. e4 Qc8 20. exd5 exd5 21. Rfe1 Qf8 22. Qf4 Rd6 23. Re3 a6 24. Rg3+ Kh8 25. Nxd5 Rad8 26. Qh4 h6 27. Nxf6 Rxd4 28. Rg8+ Qxg8 29. Qxh6+ Qh7 30. Qxh7# 1-0